000 01008nam a2200253Ia 4500
003 OSt
005 20220923221036.0
006 a|||||r|||| 00| 0
007 ta
008 220922b |||||||| |||| 00| 0 hin d
024 _a194,263
037 _cTextual
040 _aARTS
_cARTS
_bhin
041 _2hin
_ahin
082 _aO152,3:g, N3
100 _aखोसला, सुरेन्द्र मोहन
245 0 _aहिन्दी कहानी कें व्यक्तित्व विघटन स्वरूप एवम् विश्लेषण 195 -75
246 _aHindī kahānī kean vyaktitva vighaṭan svarūp evam vishleṣhaṇ 1950-75
260 _aचण्डीगढ़
_b पब्लि0 ब्यूरो
_c1993
300 _a8] 200 पृ.
_ccm.
650 _aहिन्दी साहित्य
_9156264
942 _hO152,3:g, N3
_cTEXL
_2CC
999 _c346527
_d346527